Les 10 villes françaises avec le plus de McDonalds - Statistiques

Statistiques générales
  • Ce quiz a été pris 244 fois
  • Le résultat moyen est 8 sur 10
Statistiques - réponses
Hint Réponse % Correct
66 Paris
100%
16 Marseille
99%
11 Lyon
97%
10 Bordeaux
92%
13 Toulouse
90%
6 Strasbourg
88%
7 Nice
86%
7 Rennes
77%
6 Reims
47%
6 Nimes
26%
Aucun quiz correspondant
Distribution des résultats
% des personnes avec chaque résultat
Percentile par nombre de réponses
Votre historique - résultats
Vous n’avez pas pris ce quiz